Statistics for Countries of the Middle East Quiz

Click here to take the quiz!

General Stats

  • This quiz has been taken 25 times
    (6 since last reset)
  • The average score is 16 of 20

Answer Stats

Answer% Correct
Cyprus
100%
Egypt
100%
Oman
100%
Saudi Arabia
100%
United Arab Emirates
100%
Yemen
100%
Iran
83%
Iraq
83%
Israel
83%
Jordan
83%
Qatar
83%
Syria
83%
Turkey
83%
Afghanistan
67%
Bahrain
67%
Georgia
67%
Kuwait
67%
Lebanon
67%
Armenia
50%
Azerbaijan
50%

Score Distribution

Percentile by Number Answered

Percent of People with Each Score

Your Score History

You have not taken this quiz since the last reset